000 00759 a2200241 4500
001 41441
005 20260407155708.0
008 260407a1991 arg spa d
003 AR-UNSa-BCEJYS
040 _aAR-UNSa-BCEJYS
_bspa
_cAR-UNSa-BCEJYS
080 _a343(094.4)
_xCódigo Penal
245 1 0 _aCódigo Penal
_pConcordancias., comentarios, jurisprudencia, esquemas de defensa
020 _a950-534-128-8
250 _a2a. ed.
264 1 _aBuenos Aires :
_bA-Z Editora
_c1991
300 _a826 p.
_c23 cm.
505 _aLibro primero: Disposiciones generales - Libro segundo: De los delitos
041 _aspa
942 _cBK
590 _aniveau_biblio:m niveau_hierar:0
100 1 _aDayenoff, David Elbio
700 1 _aArgentina (Código Penal)
999 _c3511
_d3511